Zamilujte se do angličtiny : neprůstřelný návod, jak se naučit anglicky a užít si to /
Jazyková příručka, která představuje několik způsobů, jak se nadchnout pro studium anglického jazyka.
Uloženo v:
| Hlavní autor: | |
|---|---|
| Médium: | E-kniha |
| Jazyk: | Czech English |
| Vydáno: |
V Brně :
Jan Melvil Publishing,
2021
|
| Vydání: | Vydání první |
| Edice: | Žádná velká věda
|
| Témata: | |
| Tagy: |
Žádné tagy |
| LEADER | 01845nam a2200457 i 4500 | ||
|---|---|---|---|
| 001 | 311388 | ||
| 003 | CZ PrSKC | ||
| 005 | 20260601215704.0 | ||
| 007 | ta | ||
| 008 | 210907s2021 xr a e f 000 0 cze | ||
| 015 | |a cnb003350625 | ||
| 020 | |a 9788075551429 |q (vázáno) : |c Kč 379,00 | ||
| 035 | |a (OCoLC)1284974583 | ||
| 040 | |a BOA001 |b cze |d ABA001 |e rda | ||
| 041 | 0 | |a cze |a eng | |
| 072 | 7 | |a 811.111 |x Angličtina |2 Konspekt | |
| 080 | |a 811.111 |2 MRF | ||
| 080 | |a 81'24 |2 MRF | ||
| 080 | |a (035) |2 MRF | ||
| 100 | 1 | |a Sobotka, Bronislav, |d 1981- |7 xx0263976 |4 aut | |
| 245 | 1 | 0 | |a Zamilujte se do angličtiny : |b neprůstřelný návod, jak se naučit anglicky a užít si to / |c Bronislav Sobotka |
| 250 | |a Vydání první | ||
| 264 | 1 | |a V Brně : |b Jan Melvil Publishing, |c 2021 | |
| 300 | |a 296 stran : |b barevné ilustrace ; |c 21 cm | ||
| 336 | |a text |b txt |2 rdacontent | ||
| 337 | |a bez média |b n |2 rdamedia | ||
| 338 | |a svazek |b nc |2 rdacarrier | ||
| 490 | 1 | |a Žádná velká věda | |
| 520 | 2 | |a Jazyková příručka, která představuje několik způsobů, jak se nadchnout pro studium anglického jazyka. | |
| 650 | 0 | 7 | |a angličtina |7 ph114056 |2 czenas |
| 650 | 0 | 7 | |a studium jazyků |7 ph162895 |2 czenas |
| 650 | 0 | 9 | |a English language |2 eczenas |
| 650 | 0 | 9 | |a language learning |2 eczenas |
| 655 | 7 | |a příručky |7 fd133209 |2 czenas | |
| 655 | 9 | |a handbooks and manuals |2 eczenas | |
| 830 | 0 | |a Žádná velká věda | |
| 900 | |a ABA001 |b 19 | ||
| 044 | |a xr | ||
| 910 | |a RBIT002 | ||
| 998 | |d 334233 |a https://core.palmknihy.cz/api/books/334233/cover?qydxoj |b https://core.palmknihy.cz/api/books/334233/cover/400?qydxoj |c https://core.palmknihy.cz/api/books/334233/cover/50?qydxoj |e |g 296 |i 9788075551429 |j https://core.palmknihy.cz/api/books/334233/preview.epub |l |q 49 |r 1 |s https://www.palmknihy.cz/kniha/334233 |t ebook |y 2021 |z 0 | ||
| 999 | |d 311386 | ||